Catalog

Record Details

Catalog Search



Panzer für Hitler - Traktoren für Stalin : Grossunternehmen in Böhmen und Mähren 1938-1950  Cover Image Book Book

Panzer für Hitler - Traktoren für Stalin : Grossunternehmen in Böhmen und Mähren 1938-1950 / Jaromír Balcar

Record details

  • ISBN: 978-3-486-71873-7
  • Physical Description: 523 stran ; 22 cm
  • Publisher: München : Oldenbourg Verlag, 2014

Content descriptions

General Note:
Obsahuje rejstřík

Available copies

  • 1 of 1 copy available at Common Catalog SPOK.

Holds

  • 0 current holds with 1 total copy.
Show Only Available Copies
Location Call Number / Copy Notes Barcode Shelving Location Status Due Date
Terezin Initiative Institute 6338 4594306338 Knihovna ITI Available -

LDR 02294cam a2200601 i 4500
00128260
003CZ-PrJAB
00520221117071144.0
008160119s2014 gw ft 001 0 ger d
020 . ‡a978-3-486-71873-7 ‡q(vázáno)
035 . ‡a(CONS)3101
035 . ‡a(CZ PrSKC)zpk20142632064
040 . ‡aDKDLA ‡bcze ‡cDKDLA ‡dABA001 ‡erda
080 . ‡a338.45 ‡2MRF
080 . ‡a334.716 ‡2MRF
080 . ‡a338.245 ‡2MRF
080 . ‡a330.342.151 ‡2MRF
080 . ‡a338(091) ‡2MRF
080 . ‡a(437.3) ‡2MRF
080 . ‡a(437) ‡2MRF
080 . ‡a(048.8) ‡2MRF
1001 . ‡aBalcar, Jaromír, ‡d1966- ‡7jo2014815699 ‡4aut
24510. ‡aPanzer für Hitler - Traktoren für Stalin : ‡bGrossunternehmen in Böhmen und Mähren 1938-1950 / ‡cJaromír Balcar
264 1. ‡aMünchen : ‡bOldenbourg Verlag, ‡c2014
300 . ‡a523 stran ; ‡c22 cm
336 . ‡atext ‡btxt ‡2rdacontent
337 . ‡abez média ‡bn ‡2rdamedia
338 . ‡asvazek ‡bnc ‡2rdacarrier
500 . ‡aObsahuje rejstřík
8524 . ‡bJACH-ITI ‡bJACH-ITI ‡cKnihovna ITI ‡j6338 ‡p6338 ‡y$0.00
910 . ‡aABE340 ‡b6338
995 . ‡askok
901 . ‡a28260 ‡bISxN ‡c28260 ‡tbiblio

Additional Resources